Largest cities on the Atlantic Coast on a Map - Statistics

General Stats
  • This quiz has been taken 495 times
    64 since last reset
  • The average score is 31 of 33
Answers on the Map
Answers color-coded by a green-red scale on the quiz's map according to % correct below.
 
Answer Stats
Pop Answer % Correct
3.58 mil Athens
100%
7.85 mil Boston
100%
17.0 mil Buenos Aires
100%
5.20 mil Cape Town
100%
7.55 mil Houston
100%
16.2 mil Istanbul
100%
21.9 mil Lagos
100%
6.70 mil Miami
100%
22.6 mil New York
100%
13.6 mil Rio de Janeiro
100%
3.45 mil Rome
100%
6.35 mil Alexandria
98%
4.40 mil Algiers
98%
4.95 mil Barcelona
98%
6.35 mil Manchester
98%
4.08 mil Naples
98%
6.35 mil Saint Petersburg
98%
3.05 mil Tel Aviv
98%
7.05 mil Accra
97%
4.50 mil Casablanca
97%
4.38 mil Dakar
97%
3.95 mil Santo Domingo
97%
10.4 mil Luanda
95%
3.15 mil Port-au-Prince
95%
3.50 mil Rotterdam
95%
5.15 mil Tampa
95%
4.00 mil Conakry
90%
7.30 mil Abidjan
86%
3.03 mil Izmir
86%
4.10 mil Recife
86%
3.40 mil Salvador
84%
3.83 mil Fortaleza
83%
3.95 mil Douala
71%
No matching quizzes found
Score Distribution
Percent of People with Each Score
Percentile by Number Answered
Your Score History
You have not taken this quiz since the last reset